000 005470000a22001810004500
020 _a0-85151-233-X
041 0 _aENG
082 0 4 _aG 269.24 T761g
100 1 _aTracy, Joseph
245 1 0 _aThe great awakening : A history of the revival of religion in the time of Edwards and Whitefield / Joseph Tracy
260 _aCarlisle, PA., USA : The Banner of Truth Trust
300 _aXVIII, 433 Pag
001 8166
942 _cBK
999 _c38359
_d38359
336 _atexto
_btxt
_2rdacontent
337 _2rdamedia
_asin mediación
_bn
338 _2rdacarrier
_avolumen
_bnc